دراسات في جغرافيا الموارد الإقتصاديه في العالم / (رقم التسجيلة. 74661)

تفاصيل مارك
000 -LEADER
fixed length control field 00582nam a22001697a 4500
005 - DATE AND TIME OF LATEST TRANSACTION
control field 20251108172251.0
008 - FIXED-LENGTH DATA ELEMENTS--GENERAL INFORMATION
fixed length control field 250721s1977 xx 000 0 ara d
082 14 - DEWEY DECIMAL CLASSIFICATION NUMBER
Classification number 910.133/محم
100 1# - MAIN ENTRY--PERSONAL NAME
Personal name عامر، محمد عبد المجيد
245 10 - TITLE STATEMENT
Title دراسات في جغرافيا الموارد الإقتصاديه في العالم /
264 1# - PRODUCTION, PUBLICATION, DISTRIBUTION, MANUFACTURE, AND COPYRIGHT NOTICE
Place of production, publication, distribution, manufacture الإسكندريه :
Name of producer, publisher, distributor, manufacturer منشأة المعارف،
Date of production, publication, distribution, manufacture, or copyright notice 1977.
300 ## - PHYSICAL DESCRIPTION
Extent 477ص
490 0# - SERIES STATEMENT
Series statement الكتب الجغرافية ؛ 59
650 17 - SUBJECT ADDED ENTRY--TOPICAL TERM
Topical term or geographic name as entry element الجغرافيا الإقتصادية
942 ## - ADDED ENTRY ELEMENTS (KOHA)
Source of classification or shelving scheme Dewey Decimal Classification
Koha item type كتب
المقتنيات
حالة السحب حالة الفقدان مصدر التصنيف حالة التلف غير قابل للإعارة المكتبة الرئيسية المكتبة الحالية موقع الرف تاريخ التزويد الرقم المتسلسل Total Checkouts رقم الإستدعاء تاريخ آخر ظهور تاريخ الفاتورة نوع المادة (كوها)
    Dewey Decimal Classification Unchecked   مكتبة النصر العامة مكتبة النصر العامة الإعارة 06/07/2004 1352   910.133/محم 28/07/2025 06/07/2004 كتب
Implemented & Customized by: BBB with SCIT (Smart Chains for Information Technology)

Powered by Koha